000
00378nam a2200133Ia 4500
008
151001s9999||||xx |||||||||||||| ||und||
100
_a
ह न जोशी
245
_a
श्री क्षेत्र औदुंबर
250
_a
1
260
_b
जयहिंद प्रकाशन मुंबई
260
_c
1977
300
_a
48
365
_b
18
999
_c
966478
_d
966475